Normal view MARC view

Entry Personal Name

Number of records used in: 1

001 - CONTROL NUMBER

  • control field: 261334

003 - CONTROL NUMBER IDENTIFIER

  • control field: OSt

005 - DATE AND TIME OF LATEST TRANSACTION

  • control field: 20260410113524.0

008 - FIXED-LENGTH DATA ELEMENTS

  • fixed length control field: 260410|| aca||aabn | a|a d

040 ## - CATALOGING SOURCE

  • Original cataloging agency: OSt
  • Transcribing agency: OSt

100 ## - HEADING--PERSONAL NAME

  • Personal name: KAILASHACHANDRA SHASTHRI.
  • Dates associated with a name: ಕೈಲಾಶಚಂದ್ರ ಶಾಸ್ತ್ರಿ

670 ## - SOURCE DATA FOUND

  • Source citation: Work cat.: (OSt)80081: KAILASHACHANDRA SHASTHRI. ಕೈಲಾಶಚಂದ್ರ ಶಾಸ್ತ್ರಿ, Jaina dharma., 1969